000 00970nam a22002175i 4500
001 165362
003 ES-MaACL
005 20230906213125.0
008 991227s1879 xxkaf |||| | spa d
040 _aCCPB | B
_bspa
_cCCPB | B
100 1 _aSilva Ferro, Ramón de.
_9132731
245 1 0 _aMemoria referente á la Exposicion de Higiene y Salvamento
_b: verificada en Bruselas en 1876 /
_credactada de Real órden por Ramon de Silva Ferro.
250 _aEd. oficial.
260 _aLondres :
_b[s.n.],
_c1879 (
_fimprenta de Clayton y C\pia\s, Impresores Extrangeros)
300 _a[2], XII, 255 p., [1] h. de grab. :
_bil. ;
_c26 cm.
599 _aNumerosas il. xil. a lo largo del texto representando embarcaciones y sistemas de salvamento.
611 2 _aExposición de Higiene y Salvamento.
_d1876.
_cBruselas)-
_vMemorias y balances.
_9135147
650 4 _aSalvamento.
_9155678
650 4 _aHigiene naval.
_9150957
852 _aES-MaACL
_jG-1133
_z-- Enc. hol.
999 _c165362
_d165362